000 01534cam a22004694i 4500
003 PE-LiUPU
005 20250731173015.0
008 150623s r 000 0 d
020 _a0195110528
035 _a(Sirsi) i9780195110524
040 _aPE-LiUPU
_bspa
_cPE-LiUPU
_erda
049 _aPRUA
082 0 4 _a291.38
_bB36
_221
100 1 _aBell, Catherine M.,
_d1953-,
_eautor.
245 1 0 _aRitual :
_bperspectives and dimensions /
_cCatherine Bell.
264 1 _aNew York, NY :
_bOxford University Press,
_c1997.
300 _a351 páginas ;
_c24 centímetros
336 _atext
_2rdacontent
337 _aunmediated
_2rdamedia
338 _avolume
_2rdacarrier
504 _aIncluye bibliografía.
505 0 _aTheories: the history of interpretations. -The spectrum of ritual activities. -The fabric of ritual life.
526 _aSEG42
526 _aSEG41
526 _aSEG40
526 _aSEG39
526 _aP94
526 _aP87
526 _aP86
526 _aP85
526 _aP77
526 _aP76
526 _aP35
650 0 4 _aReligión.
_95128
650 0 4 _aRitual.
942 _2ddc
_cBOOK
949 _a291.38 B36
_wDEWEY
_c1
_i47261
_lCCODEBUL1
_mBUL
_r0
_sY
_tBOOK
_u2015-6-24
_xTEOLOGIA
_PP35
_0COMPRA
_o.STAFF. Colección General
994 _aC0
_bPEPRU
596 _a1
999 _a291.38 B36
_wDEWEY
_c23804
_i47261
_f2021-11-11
_g5
_lCCODEBUL1
_mBUL
_r0
_sY
_tBOOK
_u2015-6-24
_xTEOLOGIA
_PP35
_0COMPRA
_o.STAFF. Colección General
_d23804
980 _81
_gALBERTO SANCHEZ Responsable de Automatización